Vista normal
Vista MARC
- Literatura holandesa
Entrada Tema o Materia
Número de registros utilizados en: 1
001 - NUMERO DE CONTROL
- Campo de control: 2496
003 - IDENTIFICADOR DEL NUMERO DE CONTROL
- Campo de control: SpMaBN
005 - HORA Y FECHA DE LA ULTIMA TRANSACCIÓN
- Campo de control: 20190923115017.0
008 - CAMPO DE LONGITUD FIJA
- Campo fijo de descripción fija: 930402 n anznnbabn |a ana
016 ## -
- : BNE19931177073
024 7# -
- : http://id.loc.gov/authorities/subjects/sh85040119
- : lcsh
024 7# -
- : http://data.bnf.fr/ark:/12148/cb11981579d
- : rameau
024 7# -
- : http://lemac.sgcb.mcu.es/Autoridades/LEMAC201210612/concept
- : lemac
040 ## -
- : SpMaBN
- : spa
- : SpMaBN
- : rdc
- : embne
042 ## -
- : 200701101212PCMPBC BNEP 00
080 ## -
- : 821.112.5"19"
- : 2015
150 ## - ENCABEZAMIENTO DE MATERIA-TEMA
- Téma o Materia: Literatura holandesa
- Subdivisión cronológica: S.XX
670 ## - FUENTE EN LA QUE SE LOCALIZARON DATOS
- Cita de la fuente : LCSH
- Información localizada : (Dutch literature-20th century)
670 ## - FUENTE EN LA QUE SE LOCALIZARON DATOS
- Cita de la fuente : RAMEAU
- Información localizada : (Littérature néerlandaise-20e siècle)
750 #7 - ASIENTO LIGADO AL ENCABEZAMIENTO - TEMATICO
- Encabezamiento temático : Littérature néerlandaise-20e siècle
- Source of heading or term: rameau
750 #7 - ASIENTO LIGADO AL ENCABEZAMIENTO - TEMATICO
- Encabezamiento temático : Dutch literature-20th century
- Source of heading or term: lcsh
750 #7 - ASIENTO LIGADO AL ENCABEZAMIENTO - TEMATICO
- Encabezamiento temático : Literatura neerlandesa-S. XX
- Source of heading or term: lemac
961 ## -
- : Literatura holandesa
- : S.XX
